01618 a2200217 45000010006000000050017000060080041000230030015000640400040000790800046001192450032001650200018001972500011002152640034002263000024002605050975002840410008012591000019012677000020012868560094013063834320260407155647.0260407a1989 arg spa dAR-UNSa-BCEJYS aAR-UNSa-BCEJYSbspacAR-UNSa-BCEJYS a658.8.012.12xInvestigación de mercados10aInvestigación de mercados a968-422-486-9 a3a. ed 1aMéxico :bMcGraw-Hillc1989 axiv, 715 p.c24 cm. aParte I: El proceso de la investigación de mercados: 1. Persepectiva de la investigación de mercados en la toma de decisiones - 2. El proceso de investigación - 3. Diseño e implementación de la investigación - Parte II: Recolección de datos: 4. Fuentes de datos de mercadotecnia - 5. Recolección de información: métodos cualitativos y de observación - 6. Información proveniente de los entrevistados: Métodos de encuestas - 7. Diseño del cuestionario - 8. Medición de actitudes - 9. Experimentación - 10. Fundamentos de muestreo - 11. Tamaño de la muestra y teoría estadística - Parte III: Análisis de información : 12. Fundamentos del análisis de la información - 13. Pruebas de hipótesis - 14. Introducción de una tercera variable - 15. Presentación de los resultados - Parte IV Temas especiales en análisis de datos: 16. Análisis de factores - 17. Escala multidimensional y análisis de agrupamiento(cluster)  aspa1 aDay, George S.1 aAaker, David A.41uhttps://biblioeco.unsa.edu.ar/pmb/images/libros/L53103.jpgyImagen de portadaqimage/jpeg